Hỏi và đáp đường lối cách mạng của Đảng cộng sản Việt Nam : (Dành cho sinh viên đại học, cao đẳng khối không chuyên ngành Mác - Lênin, Tư tưởng Hồ Chí Minh)
Sách cung cấp cho bạn đọc một số câu hỏi và đáp về đường lối cách mạng của Đảng cộng sản Việt Nam, chọn lọc, cập nhật, giới thiệu những nghiên cứu mới nhất về ngành khoa học này.
Na minha lista:
| Autor principal: | |
|---|---|
| Formato: | Livro |
| Idioma: | Undetermined |
| Publicado em: |
Hà Nội
Đại học sư phạm
2010
|
| Assuntos: | |
| Tags: |
Adicionar Tag
Sem tags, seja o primeiro a adicionar uma tag!
|
| Thư viện lưu trữ: | Trung tâm Học liệu Trường Đại học Cần Thơ |
|---|
| LEADER | 01184nam a2200241Ia 4500 | ||
|---|---|---|---|
| 001 | CTU_179882 | ||
| 008 | 210402s9999 xx 000 0 und d | ||
| 020 | |c 27000 | ||
| 082 | |a 324.2597075 | ||
| 082 | |b D406 | ||
| 100 | |a Lê, Văn Đoán | ||
| 245 | 0 | |a Hỏi và đáp đường lối cách mạng của Đảng cộng sản Việt Nam : | |
| 245 | 0 | |b (Dành cho sinh viên đại học, cao đẳng khối không chuyên ngành Mác - Lênin, Tư tưởng Hồ Chí Minh) | |
| 245 | 0 | |c Lê Văn Đoán, Nguyễn Đức Thìn (Đồng chủ biên) | |
| 260 | |a Hà Nội | ||
| 260 | |b Đại học sư phạm | ||
| 260 | |c 2010 | ||
| 520 | |a Sách cung cấp cho bạn đọc một số câu hỏi và đáp về đường lối cách mạng của Đảng cộng sản Việt Nam, chọn lọc, cập nhật, giới thiệu những nghiên cứu mới nhất về ngành khoa học này. | ||
| 650 | |a Communist parties,Đảng cộng sản | ||
| 650 | |x Việt Nam | ||
| 650 | |z Vietnam | ||
| 904 | |i Trinh, Ngân | ||
| 980 | |a Trung tâm Học liệu Trường Đại học Cần Thơ | ||